000 00541nam a2200157 a 4500
005 20140414131934.0
008 110113s19uu xx 00 eng d
050 _aREF 580
_bB93 2000
100 _aBurnie, David.
245 _aPlant /
_cwritten by David Burnie ; [special photography, Andrew McRobb ... [et al.]].
260 _aNew York :
_bDK Pub.,
_c2004.
440 _aEyewitness books
500 _a"Discover the fascinating world of plants--from flowers and fruit to plants that sting"--Cover.
650 _aPlants.
999 _c112358
_d112358